Tratamiento de aguas domésticas e industriales residuales

Na minha lista:
Detalhes bibliográficos
Autor principal: Campo Cabal, Alvaro (Author)
Formato: Livro
Idioma:espanhol
Publicado em: Bogotá Convenio Andrés Bello 1995
Colecção:Ciencia y Tecnología, 57
Assuntos:
Tags: Adicionar Tag
Sem tags, seja o primeiro a adicionar uma tag!

MARC

LEADER 00000nam a2200000 a 4500
001 UCZ9592
003 CL-VaPUC
008 960308e19950000CK |||||||||||||||||spa|d
082 0 4 |a 628.445  |b CAM  |2 21 
100 0 |a Campo Cabal, Alvaro  |e author  |9 354575 
245 1 0 |a Tratamiento de aguas domésticas e industriales residuales 
300 |a 71 p 
942 |c BK 
945 |d 19960308 00:00:00  |a rbrito 
260 |a Bogotá  |b Convenio Andrés Bello  |c 1995 
650 0 |a Agua dulce   |9 338535 
650 0 |a Abastecimiento de agua  |9 260374 
650 0 |a Aguas residuales   |9 262614 
650 0 |a Tratamiento del agua   |9 262889 
650 0 |a Calidad del agua   |9 261394 
650 0 |a Contaminación del agua  |9 261423 
650 0 |a Propiedades del agua  |9 354576 
650 7 |a SANIDAD  |2 CL-VaPUC  |9 354577 
650 0 |a Agua  |9 257149 
583 |a last modification  |c 20161003 11:28:16  |k Rodrigo Vera 
490 0 |a Ciencia y Tecnología, 57 
999 |c 244819  |d 244817 
952 |0 0  |1 0  |4 0  |6 628_445000000000000_CAM_1995  |7 0  |8 A  |9 259053  |a BIBING  |b BIBING  |d 2019-11-19  |i 3175227  |o 628.445 CAM 1995  |p 3175227  |r 2025-01-20  |w 2019-11-19  |y BK  |k ING